[Event "Benidorm op U2000 13th"]
[Site "Benidorm"]
[Date "2014.11.29"]
[Round "2"]
[White "Amat Cerda, Andres"]
[Black "Blasco Marques, Salvador"]
[Result "0-1"]
[WhiteElo "1791"]
[BlackElo "1942"]
[PlyCount "44"]
[EventDate "2014.11.28"]
[EventType "swiss"]
[EventRounds "10"]
[EventCountry "ESP"]
[SourceTitle "CBM 163 Extra"]
[Source "ChessBase"]
[SourceDate "2014.12.23"]
[SourceVersion "1"]
[SourceVersionDate "2014.12.23"]
[SourceQuality "1"]

1. e4 e5 2. Nc3 Nf6 3. f4 exf4 4. e5 Ng8 5. Nf3 d5 6. d4 g5 7. h4 g4 8. Bxf4 gxf3 9. Qxf3 Be6 10. Qe3 Ne7 11. Bd3 a6 12. Bg5 Nd7 13. 0-0 c5 14. Na4 cxd4 15. Qxd4 Qc7 16. Bf6 Rg8 17. c4 dxc4 18. Bxh7 Rg4 19. Qc3 Nd5 20. Qd2 b5 21. Nc3 Bc5+ 22. Rf2 N5xf6 0-1

[Event "Benidorm op U2000 11th"]
[Site "Benidorm"]
[Date "2012.11.30"]
[Round "1"]
[White "Amat Cerda, Andres"]
[Black "Jimenez Chacon, Francisco"]
[Result "0-1"]
[WhiteElo "1746"]
[BlackElo "1966"]
[PlyCount "22"]
[EventDate "2012.11.30"]
[EventType "swiss"]
[EventRounds "10"]
[EventCountry "ESP"]
[SourceTitle "EXT 2014"]
[Source "ChessBase"]
[SourceDate "2013.11.20"]
[SourceVersion "1"]
[SourceVersionDate "2013.11.20"]
[SourceQuality "1"]

1. f4 e5 2. fxe5 d6 3. exd6 Bxd6 4. Nf3 Bg4 5. d4 Bxf3 6. exf3 Qh4+ 7. Ke2 Nc6 8. Be3 0-0-0 9. Qd3 Nh6 10. Qe4 Qf6 11. g3 Rhe8 0-1

[Event "Provincial-ch Xixona Preferente"]
[Site "Xixona"]
[Date "2012.10.06"]
[Round "1"]
[White "Amat Cerda, Andres"]
[Black "Paya Leal, Antonio"]
[Result "1-0"]
[WhiteElo "1746"]
[BlackElo "1283"]
[PlyCount "53"]
[EventDate "2012.10.06"]
[EventType "swiss"]
[EventRounds "7"]
[EventCountry "ESP"]
[SourceTitle "EXT 2024"]
[Source "ChessBase"]
[SourceDate "2023.10.10"]
[SourceVersion "1"]
[SourceVersionDate "2023.10.10"]
[SourceQuality "1"]

1. e4 e5 2. d4 exd4 3. Bc4 Bc5 4. Nf3 Nc6 5. 0-0 d6 6. c3 Qf6 7. h3 Ne5 8. Nxd4 Nxc4 9. Qa4+ Bd7 10. Qxc4 Bxd4 11. cxd4 a6 12. Re1 0-0-0 13. Nc3 Ne7 14. a4 Qg6 15. Kh2 Qe6 16. d5 Qe5+ 17. f4 Qh5 18. Nb5 Bxb5 19. axb5 Kd7 20. bxa6 bxa6 21. Qa4+ c6 22. Qxa6 Rc8 23. Qb6 cxd5 24. Ra7+ Ke6 25. exd5+ Kf6 26. Qxd6+ Kf5 27. Re5# 1-0

[Event "Valencia Autonomico Sur-A"]
[Site "Valencia"]
[Date "2009.02.07"]
[Round "5.6"]
[White "Amat Cerda, Andres"]
[Black "Molera Valero, Mariano"]
[Result "1/2-1/2"]
[WhiteElo "1500"]
[BlackElo "1939"]
[PlyCount "183"]
[EventDate "2009.01.10"]
[EventType "team-tourn"]
[EventRounds "5"]
[EventCountry "ESP"]
[SourceTitle "EXT 2011"]
[Source "ChessBase"]
[SourceDate "2010.11.26"]
[SourceVersion "1"]
[SourceVersionDate "2010.11.26"]
[SourceQuality "1"]

1. e4 c5 2. Nf3 d6 3. d4 cxd4 4. c3 Nf6 5. e5 dxe5 6. Nxe5 a6 7. cxd4 e6 8. a3 Bd7 9. Nxd7 Nbxd7 10. Nc3 Nb6 11. Be2 Be7 12. 0-0 0-0 13. Bf3 Nfd5 14. Re1 Bf6 15. Ne4 Rc8 16. Nxf6+ Qxf6 17. Be3 Rc7 18. Rc1 Rfc8 19. Rxc7 Rxc7 20. Bxd5 Nxd5 21. Qa4 Qd8 22. Qa5 h6 23. g3 Qc8 24. b4 b6 25. Qa4 Nc3 26. Qb3 b5 27. Bf4 Rc4 28. Be5 Qc6 29. h4 Ne2+ 30. Kh2 Nxd4 31. Bxd4 Rxd4 32. Qe3 Qd6 33. Qf3 Rxh4+ 34. Kg2 Rd4 35. Rc1 Rd3 36. Rc8+ Kh7 37. Qxf7 Qd5+ 38. Kh2 Rf3 39. Qg8+ Kg6 40. Qe8+ Rf7 41. Rc5 Qa2 42. Kh3 Qxf2 43. Qxe6+ Rf6 44. Qe4+ Kf7 45. Qd5+ Kg6 46. Qe4+ Rf5 47. Qe6+ Kg5 48. Qe7+ Kg6 49. Qe6+ Rf6 50. Qe4+ Kf7 51. Qd5+ Re6 52. Qd7+ Kf6 53. Qd8+ Re7 54. Qd6+ Kf7 55. Qd3 Qe3 56. Rf5+ Kg8 57. Qd5+ Qe6 58. Qxe6+ Rxe6 59. Rf3 Re4 60. g4 Kh7 61. Rd3 Rc4 62. Kh4 Rc6 63. Re3 g6 64. Rf3 Kg7 65. Rd3 Kf6 66. Kh3 Kg5 67. Kg3 h5 68. gxh5 Kxh5 69. Rd5+ g5 70. Rd3 Rc4 71. Kh3 Kg6 72. Rd6+ Kf5 73. Rxa6 Rc3+ 74. Kg2 Kg4 75. a4 Rc2+ 76. Kf1 bxa4 77. Rxa4 Rb2 78. b5+ Kf3 79. Ra3+ Ke4 80. Ra5 Ke3 81. b6 Kf3 82. Ra3+ Kf4 83. Ra4+ Kg3 84. Ra6 Rb1+ 85. Ke2 Kg2 86. Ke3 g4 87. Kd3 g3 88. Kc4 Kf2 89. Ra2+ Kf3 90. Kc5 g2 91. Rxg2 Kxg2 92. Kc6 1/2-1/2

[Event "Valencia Autonomico Sur-A"]
[Site "Valencia"]
[Date "2009.01.31"]
[Round "4.6"]
[White "Diez Jover, Alberto"]
[Black "Amat Cerda, Andres"]
[Result "1-0"]
[WhiteElo "1870"]
[BlackElo "1500"]
[PlyCount "89"]
[EventDate "2009.01.10"]
[EventType "team-tourn"]
[EventRounds "5"]
[EventCountry "ESP"]
[SourceTitle "EXT 2011"]
[Source "ChessBase"]
[SourceDate "2010.11.26"]
[SourceVersion "1"]
[SourceVersionDate "2010.11.26"]
[SourceQuality "1"]

1. e4 Nf6 2. e5 Nd5 3. Nf3 d6 4. Bc4 Nb6 5. Bxf7+ Kxf7 6. Ng5+ Kg6 7. Qf3 Bf5 8. g4 Qd7 9. gxf5+ Qxf5 10. Qxf5+ Kxf5 11. Nf7 Rg8 12. f4 h6 13. Rg1 Nc6 14. Nxh6+ gxh6 15. Rxg8 dxe5 16. d3 exf4 17. Bd2 Nd4 18. Na3 Nf3+ 19. Ke2 Nxd2 20. Kxd2 e5 21. Rag1 Bb4+ 22. c3 Rxg8 23. Rxg8 Bc5 24. b4 Be3+ 25. Ke2 Nd5 26. Nb1 Bb6 27. a3 Nf6 28. Rf8 Kg5 29. Nd2 Ng4 30. h3 Nf2 31. Ne4+ Nxe4 32. dxe4 Kh4 33. Kf3 c6 34. Rf7 Bd8 35. Rxb7 Kxh3 36. Rxa7 h5 37. a4 h4 38. a5 Kh2 39. Rh7 h3 40. a6 Bb6 41. a7 Bxa7 42. Rxa7 Kg1 43. Rh7 h2 44. Rxh2 Kxh2 45. c4 1-0